000 00334 a2200157 4500
001 192596
020 _a0-940975-24-6
040 _cMagnum
100 _aHudson, Wade
240 1 0 _aJamal´s busy day
_lING
245 1 0 _aJamal´s busy day
300 _a24
362 0 _a1991
697 _aLITERATURA INFANTIL INGLESA
942 _cBK
999 _c192596
_d192596